Sustainable Food Systems for Food Security : Need for Combination of Local and Global Approaches.

Bibliographic Details
Main Author: Thomas, Alban.
Other Authors: Alpha, Arlène., Barczak, Aleksandra., Zakhia-Rozis, Nadine.
Format: eBook
Language:English
Published: Versailles : Quae, 2022.
Series:Synthèses Series
Subjects:
Online Access:Click to View
LEADER 01541nam a22003853i 4500
001 EBC7054365
003 MiAaPQ
005 20231204023226.0
006 m o d |
007 cr cnu||||||||
008 231204s2022 xx o ||||0 eng d
020 |a 9782759235766  |q (electronic bk.) 
035 |a (MiAaPQ)EBC7054365 
035 |a (Au-PeEL)EBL7054365 
035 |a (OCoLC)1338836351 
040 |a MiAaPQ  |b eng  |e rda  |e pn  |c MiAaPQ  |d MiAaPQ 
100 1 |a Thomas, Alban. 
245 1 0 |a Sustainable Food Systems for Food Security :  |b Need for Combination of Local and Global Approaches. 
264 1 |a Versailles :  |b Quae,  |c 2022. 
264 4 |c ©2023. 
300 |a 1 online resource (225 pages) 
336 |a text  |b txt  |2 rdacontent 
337 |a computer  |b c  |2 rdamedia 
338 |a online resource  |b cr  |2 rdacarrier 
490 1 |a Synthèses Series 
588 |a Description based on publisher supplied metadata and other sources. 
590 |a Electronic reproduction. Ann Arbor, Michigan : ProQuest Ebook Central, 2023. Available via World Wide Web. Access may be limited to ProQuest Ebook Central affiliated libraries.  
655 4 |a Electronic books. 
700 1 |a Alpha, Arlène. 
700 1 |a Barczak, Aleksandra. 
700 1 |a Zakhia-Rozis, Nadine. 
776 0 8 |i Print version:  |a Thomas, Alban  |t Sustainable Food Systems for Food Security  |d Versailles : Quae,c2022 
797 2 |a ProQuest (Firm) 
830 0 |a Synthèses Series 
856 4 0 |u https://ebookcentral.proquest.com/lib/matrademy/detail.action?docID=7054365  |z Click to View